[Event "NCA-ch sf"]
[Site "Managua"]
[Date "2023.02.12"]
[Round "8.1"]
[White "Granados Ortiz, Fidel"]
[Black "Carranza Narvaez, Sergio Ivan"]
[Result "1/2-1/2"]
[WhiteElo "1992"]
[BlackElo "1978"]
[PlyCount "87"]
[EventDate "2023.01.28"]
[EventType "swiss"]
[EventRounds "9"]
[EventCountry "NCA"]
[SourceTitle "CBM 213 Extra"]
[Source "ChessBase"]
[SourceDate "2023.05.31"]
[SourceVersion "1"]
[SourceVersionDate "2023.05.31"]
[SourceQuality "1"]

1. e4 d5 2. exd5 Qxd5 3. Nc3 Qd6 4. d4 c6 5. Bc4 Bf5 6. Nf3 Nd7 7. Qe2 e6 8. Bd2 Ngf6 9. 0-0-0 Bg4 10. Bb3 Be7 11. h3 Bxf3 12. Qxf3 Qc7 13. g4 Bd6 14. Rhe1 0-0 15. Kb1 b5 16. g5 Nd5 17. Qh5 Nxc3+ 18. Bxc3 a5 19. a4 bxa4 20. Ba2 Nb6 21. Re4 g6 22. Qh6 Nd5 23. Bxd5 exd5 24. Rh4 f6 25. gxf6 Rxf6 26. Rg1 Bf4 27. Qh5 a3 28. Qe2 axb2 29. Bxb2 a4 30. Qd3 Bd6 31. Rhg4 a3 32. Bc1 Qf7 33. h4 Bf4 34. Bxf4 Rxf4 35. Rxf4 a2+ 36. Ka1 Qxf4 37. Qe3 Qf6 38. Re1 Kf7 39. Re2 Ra6 40. h5 Ra4 41. hxg6+ Qxg6 42. c3 Qf5 43. Rxa2 Rxa2+ 44. Kxa2 1/2-1/2

[Event "Managua Hurtado Memorial 22nd"]
[Site "Managua"]
[Date "2022.12.30"]
[Round "9"]
[White "Vanegas Lopez, Natanael Emanuel"]
[Black "Granados Ortiz, Fidel"]
[Result "0-1"]
[WhiteElo "1909"]
[BlackElo "2024"]
[PlyCount "91"]
[EventDate "2022.12.26"]
[EventType "swiss"]
[EventRounds "9"]
[EventCountry "NCA"]
[SourceTitle "CBM 212 Extra"]
[Source "ChessBase"]
[SourceDate "2023.03.31"]
[SourceVersion "1"]
[SourceVersionDate "2023.03.31"]
[SourceQuality "1"]

1. d4 d5 2. c4 c6 3. Nd2 Nf6 4. Ngf3 Bf5 5. g3 e6 6. Bg2 Nbd7 7. 0-0 Bd6 8. b3 0-0 9. Bb2 h6 10. Ne5 Qc7 11. Ndf3 Ne4 12. Rc1 Rfe8 13. Nxd7 Qxd7 14. Ne5 Qe7 15. e3 Rad8 16. Qe2 Bxe5 17. dxe5 dxc4 18. Rfd1 Rxd1+ 19. Qxd1 Rd8 20. Qe1 cxb3 21. axb3 Nd2 22. e4 Bg4 23. Qe3 Qd7 24. h3 Bh5 25. g4 Bg6 26. Qxa7 Bxe4 27. Bxe4 Nxe4 28. Qe3 Qd3 29. Qxd3 Rxd3 30. b4 Rd2 31. Bc3 Nxc3 32. Rxc3 Re2 33. b5 cxb5 34. Rc7 Rxe5 35. Rxb7 Kf8 36. Kg2 Rd5 37. Kf3 Rd3+ 38. Ke4 Rxh3 39. Rxb5 Rh4 40. f3 h5 41. Kf4 hxg4 42. fxg4 f5 43. Ke5 Rxg4 44. Kxe6 g6 45. Kf6 Kg8 46. Ke6 0-1

[Event "Managua Hurtado Memorial 22nd"]
[Site "Managua"]
[Date "2022.12.27"]
[Round "2"]
[White "Granados Ortiz, Fidel"]
[Black "Garcia Martinez, Antonio Jose"]
[Result "1-0"]
[WhiteElo "2024"]
[BlackElo "1850"]
[PlyCount "87"]
[EventDate "2022.12.26"]
[EventType "swiss"]
[EventRounds "9"]
[EventCountry "NCA"]
[SourceTitle "CBM 212 Extra"]
[Source "ChessBase"]
[SourceDate "2023.03.31"]
[SourceVersion "1"]
[SourceVersionDate "2023.03.31"]
[SourceQuality "1"]

1. e4 c5 2. Nf3 d6 3. d4 cxd4 4. Nxd4 g6 5. Nc3 Bg7 6. Be3 Nf6 7. Bc4 Nc6 8. f3 Bd7 9. Qd2 0-0 10. 0-0-0 Qa5 11. h4 Rfc8 12. Bb3 h5 13. Kb1 Ne5 14. Bg5 Nc4 15. Bxc4 Rxc4 16. Bxf6 exf6 17. Nb3 Qe5 18. Qxd6 Be6 19. Qxe5 fxe5 20. Nd5 Bf8 21. Na5 Bxd5 22. Rxd5 Rb4 23. Rd7 Rb5 24. Nc4 Rc8 25. Nd6 Bxd6 26. Rxd6 Rbc5 27. c3 R8c7 28. Rhd1 Kf8 29. R1d5 Rxd5 30. Rxd5 f6 31. Kc2 Ke7 32. Kd3 Ke6 33. Rd8 Rg7 34. Re8+ Kd6 35. Ke3 f5 36. g3 g5 37. exf5 gxh4 38. gxh4 Re7 39. Rxe7 Kxe7 40. Ke4 Kf6 41. a4 b6 42. b4 a6 43. c4 b5 44. cxb5 1-0

[Event "Managua Ramirez de Arellano Memorial"]
[Site "Managua"]
[Date "2022.08.06"]
[Round "7"]
[White "Granados Ortiz, Fidel"]
[Black "Granados Lopez, Fidel"]
[Result "1-0"]
[WhiteElo "2042"]
[BlackElo "1735"]
[PlyCount "33"]
[EventDate "2022.07.23"]
[EventType "swiss"]
[EventRounds "9"]
[EventCountry "NCA"]
[SourceTitle "EXT 2024"]
[Source "ChessBase"]
[SourceDate "2023.10.10"]
[SourceVersion "1"]
[SourceVersionDate "2023.10.10"]
[SourceQuality "1"]

1. e4 c5 2. Nf3 Nc6 3. d4 cxd4 4. Nxd4 g6 5. Nc3 Bg7 6. Be3 Nf6 7. Bc4 0-0 8. Bb3 Qa5 9. 0-0 Qb4 10. Nxc6 bxc6 11. f3 d5 12. exd5 cxd5 13. a3 Qa5 14. Bd4 Ba6 15. Re1 Rae8 16. Ba4 Rd8 17. Rxe7 1-0

[Event "Managua Ramirez de Arellano Memorial"]
[Site "Managua"]
[Date "2022.07.31"]
[Round "5"]
[White "Quintero, Armando"]
[Black "Granados Ortiz, Fidel"]
[Result "0-1"]
[WhiteElo "1809"]
[BlackElo "2042"]
[PlyCount "56"]
[EventDate "2022.07.23"]
[EventType "swiss"]
[EventRounds "9"]
[EventCountry "NCA"]
[SourceTitle "EXT 2024"]
[Source "ChessBase"]
[SourceDate "2023.10.10"]
[SourceVersion "1"]
[SourceVersionDate "2023.10.10"]
[SourceQuality "1"]

1. d4 d5 2. Nf3 Nf6 3. c4 c6 4. Nc3 dxc4 5. a4 Bf5 6. Ne5 e6 7. f3 Bb4 8. e4 Bxe4 9. fxe4 Nxe4 10. Qf3 Qxd4 11. Qxf7+ Kd8 12. Bg5+ Kc8 13. Qxe6+ Nd7 14. Nxd7 Nxg5 15. Nb6+ Kc7 16. Qxc4 Qe3+ 17. Be2 Bxc3+ 18. Qxc3 Qxc3+ 19. bxc3 axb6 20. 0-0 Rhf8 21. Bd3 h6 22. Rae1 Rxf1+ 23. Kxf1 Kd6 24. h4 Ne6 25. Re4 Rf8+ 26. Ke1 Nf4 27. Bf1 Nd5 28. Rg4 Rxf1+ 0-1

[Event "NCA-chT final"]
[Site "Managua"]
[Date "2021.11.14"]
[Round "11.1"]
[White "Granados Ortiz, Fidel"]
[Black "Garcia, Ricardo2222"]
[Result "1/2-1/2"]
[WhiteElo "2041"]
[BlackElo "2079"]
[PlyCount "76"]
[EventDate "2021.10.16"]
[EventType "team-tourn"]
[EventRounds "11"]
[EventCountry "NCA"]
[SourceTitle "EXT 2023"]
[Source "ChessBase"]
[SourceDate "2022.10.05"]
[SourceVersion "1"]
[SourceVersionDate "2022.10.05"]
[SourceQuality "1"]
[WhiteTeam "Jane Allen's Knights "]
[BlackTeam "Jose Raul Capablanca"]
[WhiteTeamCountry "NCA"]
[BlackTeamCountry "NCA"]

1. e4 c5 2. Nf3 Nc6 3. d4 cxd4 4. Nxd4 g6 5. Nc3 Bg7 6. Be3 Nf6 7. Bc4 Qa5 8. 0-0 0-0 9. Bb3 d6 10. f3 Bd7 11. Qd2 Nxd4 12. Bxd4 Bc6 13. Rad1 Rfc8 14. Nd5 Qxd2 15. Nxf6+ Bxf6 16. Rxd2 Bxd4+ 17. Rxd4 b5 18. Rf2 a5 19. Bd5 b4 20. Bxc6 Rxc6 21. Kf1 Rac8 22. Rdd2 f5 23. exf5 gxf5 24. Ke1 Kf7 25. Kd1 Rc5 26. Rd3 d5 27. Rfd2 e6 28. a3 Rb8 29. axb4 Rxb4 30. Kc1 Kf6 31. Rd4 h5 32. f4 Rb8 33. Ra4 h4 34. Rad4 Rg8 35. Kd1 Rg4 36. Rf2 Ke7 37. c3 Rc8 38. Kc2 Kd6 1/2-1/2

[Event "Managua Gomez Argenal Memorial"]
[Site "Managua"]
[Date "2021.06.13"]
[Round "6"]
[White "Granados Ortiz, Fidel"]
[Black "Simplina, Amor"]
[Result "1-0"]
[WhiteElo "2029"]
[BlackElo "2094"]
[PlyCount "79"]
[EventDate "2021.05.29"]
[EventType "swiss"]
[EventRounds "9"]
[EventCountry "NCA"]
[SourceTitle "EXT 2022"]
[Source "ChessBase"]
[SourceDate "2021.10.06"]
[SourceVersion "1"]
[SourceVersionDate "2021.10.06"]
[SourceQuality "1"]

1. e4 c5 2. Nf3 d6 3. d4 cxd4 4. Nxd4 Nf6 5. Nc3 a6 6. Be3 e5 7. Nb3 Be6 8. Qd2 Be7 9. f3 Qc7 10. 0-0-0 Nbd7 11. g4 h6 12. h4 b5 13. Be2 Nb6 14. g5 Nh5 15. Nd5 Bxd5 16. exd5 Rc8 17. Bd3 g6 18. f4 Nc4 19. Bxc4 bxc4 20. Na5 Ng3 21. Nc6 hxg5 22. fxe5 c3 23. Qf2 cxb2+ 24. Kxb2 Nxh1 25. Rxh1 dxe5 26. Rf1 f5 27. Bxg5 Qb7+ 28. Ka1 Bxg5 29. hxg5 0-0 30. Qc5 Rfe8 31. Rb1 Qg7 32. d6 e4+ 33. c3 Qf7 34. Rh1 Rxc6 35. Qxc6 Rd8 36. Rh6 Kg7 37. Qc5 Kg8 38. Qe5 Qg7 39. Qe6+ Kf8 40. Rh8+ 1-0

[Event "NCA-chT 1st Stage"]
[Site "Managua"]
[Date "2020.10.11"]
[Round "9.6"]
[White "Granados Ortiz, Fidel"]
[Black "Granados Ortiz, Maria Jose"]
[Result "1-0"]
[WhiteElo "2013"]
[BlackElo "1699"]
[PlyCount "109"]
[EventDate "2020.10.03"]
[EventType "team-swiss"]
[EventRounds "9"]
[EventCountry "NCA"]
[SourceTitle "EXT 2022"]
[Source "ChessBase"]
[SourceDate "2021.10.06"]
[SourceVersion "1"]
[SourceVersionDate "2021.10.06"]
[SourceQuality "1"]

1. e4 Nf6 2. Bc4 d5 3. exd5 Nxd5 4. Nc3 Nb6 5. Bb3 Nc6 6. Nf3 Bf5 7. d4 e6 8. 0-0 Be7 9. d5 exd5 10. Nxd5 Nxd5 11. Bxd5 0-0 12. Bxc6 bxc6 13. Nd4 Qd7 14. Nxf5 Qxf5 15. Be3 Rfd8 16. Qe2 Qb5 17. c4 Qe5 18. Rfe1 Bb4 19. Red1 Bc5 20. b3 Bxe3 21. Qxe3 Qxe3 22. fxe3 f6 23. Kf2 Kf7 24. Rd4 Rd6 25. Rad1 Rad8 26. b4 Ke6 27. Kf3 Rb8 28. a3 Rbd8 29. Ke4 g6 30. Rxd6+ Rxd6 31. Rxd6+ cxd6 32. b5 c5 33. a4 f5+ 34. Kd3 Kd7 35. a5 Kc7 36. e4 f4 37. Ke2 Kd7 38. Kf3 g5 39. Kg4 h6 40. h4 gxh4 41. Kxf4 Kc7 42. Kg4 Kd7 43. Kxh4 Kc7 44. Kh5 Kd7 45. Kxh6 Kc7 46. g4 Kd7 47. g5 Kc7 48. g6 Kd7 49. g7 Kc7 50. g8Q Kd7 51. Qf7+ Kc8 52. b6 axb6 53. axb6 Kb8 54. Qc7+ Ka8 55. Qa7# 1-0

[Event "Managua Torre del Rey op"]
[Site "Managua"]
[Date "2020.09.20"]
[Round "4"]
[White "Granados Ortiz, Fidel"]
[Black "Espinoza Solano, Jose Nahum"]
[Result "0-1"]
[WhiteElo "1985"]
[BlackElo "2082"]
[PlyCount "84"]
[EventDate "2020.09.19"]
[EventType "swiss"]
[EventRounds "9"]
[EventCountry "NCA"]
[SourceTitle "EXT 2021"]
[Source "ChessBase"]
[SourceDate "2020.10.23"]
[SourceVersion "1"]
[SourceVersionDate "2020.10.23"]
[SourceQuality "1"]

1. e4 c5 2. Nf3 g6 3. d4 cxd4 4. Qxd4 Nf6 5. e5 Nc6 6. Qf4 Nd5 7. Qe4 Nc7 8. Bc4 Bg7 9. Nc3 0-0 10. h4 b5 11. Bb3 b4 12. Nd5 Nxd5 13. Bxd5 e6 14. Bxc6 dxc6 15. Qxc6 Rb8 16. Bg5 Qa5 17. h5 Bb7 18. Qc4 Bxf3 19. gxf3 Qxe5+ 20. Be3 Qxb2 21. 0-0 Rbc8 22. Qh4 Qxc2 23. Qxb4 Bxa1 24. Rxa1 Qc3 25. Qxc3 Rxc3 26. Bxa7 Rxf3 27. Kg2 Rf5 28. h6 Rh5 29. Be3 g5 30. a4 Ra8 31. a5 Ra6 32. Kf3 f6 33. Bb6 Rxh6 34. Rc1 Rh4 35. Rc7 Rf4+ 36. Ke3 h5 37. f3 h4 38. Rc2 Kf7 39. Rc7+ Kg6 40. Rc8 Kf5 41. Rf8 e5 42. Rh8 Ra4 0-1

[Event "NCA-ch Fiestas Patrias op"]
[Site "Managua"]
[Date "2020.09.06"]
[Round "7"]
[White "Granados Ortiz, Fidel"]
[Black "Granados Lopez, Fidel"]
[Result "1-0"]
[WhiteElo "1985"]
[BlackElo "1798"]
[PlyCount "29"]
[EventDate "2020.08.29"]
[EventType "swiss"]
[EventRounds "9"]
[EventCountry "NCA"]
[SourceTitle "EXT 2022"]
[Source "ChessBase"]
[SourceDate "2021.10.06"]
[SourceVersion "1"]
[SourceVersionDate "2021.10.06"]
[SourceQuality "1"]

1. e4 b6 2. d4 g6 3. Nc3 Bb7 4. Be3 Nf6 5. f3 Bg7 6. Qd2 h5 7. h4 e6 8. 0-0-0 Nc6 9. Nge2 Qe7 10. Bg5 Qb4 11. Kb1 a5 12. a3 Qf8 13. Nb5 Rc8 14. d5 Nb8 15. d6 1-0

[Event "NCA-ch Fiestas Patrias op"]
[Site "Managua"]
[Date "2020.08.30"]
[Round "3"]
[White "Davila, Carlos"]
[Black "Granados Ortiz, Fidel"]
[Result "1-0"]
[WhiteElo "2214"]
[BlackElo "1985"]
[PlyCount "55"]
[EventDate "2020.08.29"]
[EventType "swiss"]
[EventRounds "9"]
[EventCountry "NCA"]
[SourceTitle "EXT 2022"]
[Source "ChessBase"]
[SourceDate "2021.10.06"]
[SourceVersion "1"]
[SourceVersionDate "2021.10.06"]
[SourceQuality "1"]

1. d4 d5 2. c4 c6 3. Nf3 Nf6 4. Nc3 dxc4 5. a4 Bf5 6. e3 e6 7. Bxc4 Bb4 8. 0-0 0-0 9. Qe2 Bg4 10. h3 Bh5 11. Re1 Bxc3 12. bxc3 Ne4 13. g4 Bg6 14. Bb2 Nd7 15. Rac1 Qa5 16. Ba3 c5 17. Bb5 Ndf6 18. dxc5 a6 19. Bc4 Rfe8 20. Qb2 Nxc5 21. Bxc5 Qxc5 22. Be2 Be4 23. c4 Bc6 24. Ra1 Nd7 25. Nd4 Nb6 26. Nxc6 Qxc6 27. Qb4 Nxc4 28. Bxc4 1-0

[Event "NCA-ch Fiestas Patrias op"]
[Site "Managua"]
[Date "2020.08.30"]
[Round "4"]
[White "Granados Ortiz, Fidel"]
[Black "Salazar Cabezas, Alberto Javier"]
[Result "1-0"]
[WhiteElo "1985"]
[BlackElo "2004"]
[PlyCount "113"]
[EventDate "2020.08.29"]
[EventType "swiss"]
[EventRounds "9"]
[EventCountry "NCA"]
[SourceTitle "EXT 2022"]
[Source "ChessBase"]
[SourceDate "2021.10.06"]
[SourceVersion "1"]
[SourceVersionDate "2021.10.06"]
[SourceQuality "1"]

1. e4 c5 2. Nf3 Nc6 3. d4 cxd4 4. Nxd4 e5 5. Nb5 d6 6. N1c3 a6 7. Na3 b5 8. Nd5 Nf6 9. Bg5 Be7 10. Bxf6 Bxf6 11. c3 Bg5 12. Nc2 Ne7 13. Nce3 Bxe3 14. Nxe3 Bb7 15. Bd3 d5 16. Bc2 dxe4 17. Qg4 0-0 18. Bxe4 Bxe4 19. Qxe4 Qc7 20. 0-0 f5 21. Nd5 Nxd5 22. Qxd5+ Kh8 23. Rad1 Rfe8 24. Qb3 Qc4 25. Rd7 Qxb3 26. axb3 Rad8 27. Rfd1 Rxd7 28. Rxd7 Kg8 29. Kf1 Kf8 30. Rd6 Ra8 31. Rd5 Re8 32. f4 Kf7 33. fxe5 Ke6 34. Rd6+ Kxe5 35. Rxa6 Rd8 36. Ke2 Kf4 37. Re6 g5 38. Re3 g4 39. g3+ Kg5 40. c4 Rc8 41. Kd3 b4 42. Re5 h5 43. c5 h4 44. Kc4 Kf6 45. Rd5 h3 46. Kxb4 Ke6 47. Rd2 Ke7 48. Kc4 Rd8 49. Rf2 Rd1 50. Rxf5 Rd2 51. Rg5 Rxh2 52. Rxg4 Rc2+ 53. Kb4 h2 54. Rh4 Rxb2 55. g4 Rg2 56. Kb5 Rxg4 57. Rxh2 1-0

[Event "Managua Ramirez de Arellano Memorial"]
[Site "Managua"]
[Date "2020.07.26"]
[Round "9"]
[White "Gaitan Rivas, Norlan Miguel"]
[Black "Granados Ortiz, Fidel"]
[Result "0-1"]
[WhiteElo "1556"]
[BlackElo "1991"]
[PlyCount "114"]
[EventDate "2020.07.11"]
[EventType "swiss"]
[EventRounds "9"]
[EventCountry "NCA"]
[SourceTitle "EXT 2021"]
[Source "ChessBase"]
[SourceDate "2020.10.23"]
[SourceVersion "1"]
[SourceVersionDate "2020.10.23"]
[SourceQuality "1"]

1. e4 Nf6 2. e5 Nd5 3. d4 d6 4. c4 Nb6 5. exd6 exd6 6. Nc3 Be7 7. Bd3 0-0 8. Nge2 Bg4 9. 0-0 Nc6 10. Be3 f5 11. f3 Bh5 12. a3 Bg5 13. Bf2 d5 14. c5 Nc4 15. Bxc4 dxc4 16. Qa4 Bf7 17. Rfd1 Ne7 18. f4 Bf6 19. Ng3 c6 20. Qc2 Qd7 21. Nf1 Rad8 22. Ne2 Nd5 23. Nd2 Qe6 24. Qxc4 Nxf4 25. Qxe6 Nxe6 26. Nf3 Bh5 27. Rac1 Bxf3 28. gxf3 Rd7 29. b4 Rfd8 30. Rc4 g5 31. Kf1 Kf7 32. a4 Kg6 33. b5 Rd5 34. Ke1 h5 35. h3 Re8 36. Kf1 Be7 37. Nc3 Rd7 38. d5 cxd5 39. Rxd5 Rc7 40. c6 Rec8 41. cxb7 Rxc4 42. bxc8Q Rxc8 43. Ne2 Bc5 44. Bxc5 Nxc5 45. a5 g4 46. hxg4 hxg4 47. Rd6+ Kh5 48. Ng3+ Kg5 49. Rd5 gxf3 50. Nxf5 Kf4 51. Nd6 Rd8 52. Rxc5 Rxd6 53. Rc4+ Kg3 54. Rc1 Rh6 55. Ke1 Rh1+ 56. Kd2 Rxc1 57. Kxc1 f2 0-1

[Event "Managua Ramirez de Arellano Memorial"]
[Site "Managua"]
[Date "2020.07.12"]
[Round "2"]
[White "Gutierrez, Oscar"]
[Black "Granados Ortiz, Fidel"]
[Result "0-1"]
[WhiteElo "1853"]
[BlackElo "1991"]
[PlyCount "78"]
[EventDate "2020.07.11"]
[EventType "swiss"]
[EventRounds "9"]
[EventCountry "NCA"]
[SourceTitle "EXT 2021"]
[Source "ChessBase"]
[SourceDate "2020.10.23"]
[SourceVersion "1"]
[SourceVersionDate "2020.10.23"]
[SourceQuality "1"]

1. e4 Nf6 2. e5 Nd5 3. d4 d6 4. Nf3 Bg4 5. Be2 Nc6 6. exd6 exd6 7. c4 Nb6 8. Nbd2 Be7 9. 0-0 0-0 10. d5 Bxf3 11. Nxf3 Ne5 12. Nxe5 dxe5 13. Qc2 Bc5 14. Be3 Qe7 15. a3 a5 16. Qc3 Rfe8 17. Rad1 a4 18. Bxc5 Qxc5 19. Qb4 Nd7 20. d6 e4 21. Rd5 Qxb4 22. axb4 c6 23. Rd2 c5 24. b5 g6 25. g4 Re6 26. g5 Re5 27. h4 Nb6 28. d7 Rd8 29. Rd6 Re6 30. Rfd1 Kf8 31. Bg4 Rxd6 32. Rxd6 Nxc4 33. Rd5 b6 34. Rd1 Nxb2 35. Re1 c4 36. Rxe4 a3 37. Re2 a2 38. Re1 c3 39. Ra1 c2 0-1

[Event "Managua Gomez Argenal Memorial"]
[Site "Managua"]
[Date "2020.06.21"]
[Round "8"]
[White "Granados Ortiz, Fidel"]
[Black "Granados Diaz, Maria Esther"]
[Result "1-0"]
[WhiteElo "2001"]
[BlackElo "1824"]
[PlyCount "97"]
[EventDate "2020.06.06"]
[EventType "swiss"]
[EventRounds "9"]
[EventCountry "NCA"]
[SourceTitle "CBM 197 Extra"]
[Source "ChessBase"]
[SourceDate "2020.09.30"]
[SourceVersion "1"]
[SourceVersionDate "2020.09.30"]
[SourceQuality "1"]

1. e4 Nf6 2. e5 Nd5 3. c4 Nb6 4. d4 d6 5. exd6 exd6 6. Nc3 Be7 7. h3 0-0 8. Nf3 Bf6 9. Be2 Nc6 10. 0-0 Bf5 11. Bf4 Re8 12. Rc1 h6 13. b3 a5 14. a4 Nb4 15. Nb5 Qd7 16. Bg3 Re7 17. c5 dxc5 18. Nxc7 Rc8 19. Bb5 Qd8 20. dxc5 N6d5 21. Nxd5 Nxd5 22. Bd6 Nc3 23. Bxe7 Qxe7 24. Qd6 Rxc5 25. Qxe7 Bxe7 26. Rfe1 Nxb5 27. Rxc5 Bxc5 28. Re5 b6 29. Rxf5 Nc3 30. Nd2 g6 31. Rf3 Ne2+ 32. Kf1 Nd4 33. Rd3 f5 34. Nf3 Nc6 35. Rd7 g5 36. Rc7 Nb4 37. Ne5 Bd6 38. Rc8+ Kg7 39. Nd7 Nd5 40. Nxb6 Nxb6 41. Rc6 Nxa4 42. Rxd6 Nc5 43. Rb6 a4 44. b4 Nd3 45. b5 Nb4 46. Ra6 Na2 47. Rxa4 Nc3 48. Ra7+ Kf6 49. b6 1-0